000
00299nam a2200133 a 4500
008
110105s |||| d
245
1
0
_a
O výchove a vzdelávaní
100
1
_a
Marx, K.
700
1
_a
Engels, F.
260
_b
SPN
_a
Bratislava
020
_c
22,30
044
_a
xo
_c
SK
041
_a
slo
999
_c
15489
_d
15489